00935nab a2200205 i 4500001000400000003000400004005001700008008003900025040000800064041000800072044000800080080001000088100016300098245024400261260001000505500013000515773005600645942001300701999001500714BPPBPK20180427115032.0 s pl f |000 pol  cBPK adeu aDEU a628.4 aPIECUCH, Tadeusz.d1996 - .bPolitechnika Koszalińska - Wydział Budownictwa i Inżynierii Środowiska,cKatedra Technologii Wody, Ścieków i Odpadów aPraktische Anwendung der Pyrolyse bei der Verwertung von Abfallen - pyrolytische Verwertungseinrichtung vom typ WPS = bPraktyczne zastosowanie procesu pirolizy do utylizacji odpadów - utylizator pidolityczny typu WPS /cTadeusz Piecuch. c2002. aDane z Informatora o publikowanych wynikach prac naukowo-badawczych w 2002 Wydziału Budownictwa i Inżynierii Środowiska. dLeoben 2002. -gs. 5-16iW : tMontanauniweritat. - cART2UKD c1662d1662